000 00961nam a2200277Ia 4500
003 Ost
005 20260507075124.0
008 260507s9999||||xx |||||||||||||| ||und||
020 _a542249960
040 _cfsecg
041 _aara
082 _a330
100 _aشافير، سكوت
_eمؤلف
245 0 _aادارة العمليات /
_c سكوت شافير
260 _aالرياض:
_bدار المريخ,
_c2005
300 _a1163 صفحة؛
_c24 سم
520 _aالعمليات في السوق العالمي-تصميم المنتج ونظام التحويل-عمليات إدارة الموارد-عمليات توريد المنتج
653 _aإدارة الجودة
653 _aإدارة المخزون
653 _aإدارة المشروع
653 _aالتنبؤ
653 _aالعمليات
653 _aنظام التحويل
700 _aجاك، ميرديث
_eمؤلف ثانوي
942 _cكتاب
999 _c43124
_d43124